000 00564ntaaa2200205 4500
003 01
005 20251027201833.0
008 0714s1973 ag 01
040 _aAR-BaBN
_bspa
_cAR-BaBN
_eaacr
_dRIC
082 _a244.1000 Ai7
100 _aAirth, G.M.
_910316
245 _aTesoros Bíblicos
250 _a1 ed.
260 _aLanús :
_bLibrería Editorial Cristiana,
_cc1949
300 _as.p.
500 _aCon preguntas para estimular la lectura de la Biblia, y dibujos
650 _aenseñanza
_92886
650 _aeducación religiosa
_94601
942 _cBK
999 _c13052
_d13052